Résultat des conférences ecclésiastiques du diocèse du Puy, tenues dans les années 1841 et 1842, sur les vertus cardinales,...

Detalles Bibliográficos
Formato: Libro
Publicado: Lyon/París 1843
Materias:
Colección:Banco de datos
Acervo:Biblioteca Nacional de Antropología e Historia. Fondo Conventual
Tema general:Homilética
Notas:Buena. XVII, 8, 15. Tiene un ex libris en sello no identificado. Impreso por Puychez J. B. Gaudelet.
LEADER 00767nam a22001810004500
035 |a 7294 
036 |a 1899 
245 1 0 |a Résultat des conférences ecclésiastiques du diocèse du Puy, tenues dans les années 1841 et 1842, sur les vertus cardinales,... 
260 |a Lyon/París  |b Hermanos Perisse  |c 1843 
500 |a Buena. XVII, 8, 15. Tiene un ex libris en sello no identificado. Impreso por Puychez J. B. Gaudelet. 
650 1 0 |a Homilética 
949 |a B.N.A.H. 
959 |a Biblioteca Nacional de Antropología e Historia. Ciudad de México  |b CCC1 
960 |a Seminario de Morelia  |b DD56 
961 |a Casa de formación del Clero Secular  |b CS 
942 |c B.N.A.H. 
943 |g Biblioteca Nacional de Antropología e Historia. Fondo Conventual 
999 |c 1031826  |d 1031826